00299nam a2200109Ia 4500008004100000041000800041082001700049100002900066245004000095260003600135650001800171240821s2024 xx 000 0 und d aeng a616.028bATU aAtul Prabhakar Kulkarni. aTextbook of Mechanical Ventilation/ bJaypee Brothers Med. Pub.c2024 aCritical Care